000 00289nam a22001337a 4500
008 170421b xxu||||| |||| 00| 0 eng d
020 _a9780071318785
041 _aeng
080 _a573
100 _a11
101 _aSHM
245 _aHUMAN BIOLOGY
_cSCHUMQACHER.J
942 _2udc
_cBK
999 _c11543
_d11543